| 000 | 00762cam a2200253 4500 | ||
|---|---|---|---|
| 001 | 5226 | ||
| 005 | 20181127175038.0 | ||
| 008 | 121119s2012 nyu b 000 1 eng | ||
| 010 | _a 2012462473 | ||
| 020 | _a9781602861817 (ebook) | ||
| 020 | _a9781782110187 (pbk.) | ||
| 042 | _apcc | ||
| 043 | _aa-my--- | ||
| 100 | 1 |
_aTan, Twan Eng, _d1972- |
|
| 245 | 1 | 4 |
_aThe garden of evening mists : _ba novel / _cTan Twan Eng. |
| 250 | _a1st U.S. ed. | ||
| 260 |
_aNew York : _bWeinstein Books, _cc2012. |
||
| 300 |
_a335 p. ; _c23 cm. |
||
| 504 | _aIncludes bibliographical references (p. 333-334). | ||
| 650 | 0 |
_aGardeners _vFiction. |
|
| 650 | 0 |
_aGardens _zMalaysia _vFiction. |
|
| 650 | 0 |
_aMan-woman relationships _vFiction. |
|
| 650 | 0 |
_aPrisoners of war _vFiction. |
|
| 999 |
_c4384 _d4384 |
||